| 000 | 00372cam a2200157ua 4500 | ||
|---|---|---|---|
| 041 |
_aeng _h |
||
| 082 |
_a824 _bSTE/TA |
||
| 100 | _aSteele, Richard . | ||
| 245 |
_aTatler / _cRichard Steele. _hTextual Documents |
||
| 250 |
_a1 / _b. |
||
| 260 |
_aLondon : _bJ M Dent and Sons Ltd , _c1953. |
||
| 300 | _a304 ; . | ||
| 504 | _a | ||
| 942 | _cBK | ||
| 999 |
_c11844 _d11844 |
||